000 00487nam a22001697a 4500
999 _c27395
_d27395
003 BDDh-ASL
005 20231015030749.0
008 211102s1947 ii ||||| |||| 00| 0 u d
040 _aBDDh-ASL
_cBDDh-ASL
082 _a910
_bNAS
100 1 _94134
_aNadwi, Syed Sulaiman
245 1 0 _aSaire Afghanistan : / سير افغانستان
260 _aHyderabad :
_bNafees Academy ,
_c1947.
300 _a204 p. :
_c18 cm.
650 0 _93535
_aTravels
_xTravelogue
942 _2ddc
_cBK